000 01241nam a2200277 a 4500
003 BLK
005 20250624113107.0
008 221216b bu |||||r|||| 00| | bu d
020 _a9789544749286
040 _aBLK
041 _aBUL
_cBUL
080 _aИздания за деца и юноши. Книжки-картинки. Читанки. Вж и 372.4
_b087.5
_z087.5
100 _91299
_aДелпорт, Корин
_eпърви автор
139 _aДелпорт, Корин
_bД 38
245 _aМалкият принц. Моята книжка за чувства
_bпо Антоан дьо Сент-Екзюпери
_cКорин Делпорт ; ил. Антоан дьо Сент-Екзюпери ; прев. от англ. Ирина Манушева
260 _9209528
_aСофия
_bКибеа
_c2022
_n978-954-474-
300 _a21 с.
_b с цв. ил.
_c23 см
380 _aDX
700 _9599
_aСент-Екзюпери, Антоан дьо
_eил.
700 _91021
_aМанушева, Ирина Борисова
_eпрев. от англ.
856 _i0.00
_ldisable
942 _cKNG
_n0
_s1
_024
944 _aCR
_c2022-12-16
_k30534
_lРадостина Карадакова
999 _c487886
_d487886
999 _d487886
999 _d487886